Le personnage principal de chacun de ces mangas - Statistiques

Statistiques générales
  • Ce quiz a été pris 63 fois
  • Le résultat moyen est 10 sur 20
Statistiques - réponses
Manga Prénom % Correct
Naruto Naruto Uzumaki
93%
One Piece Monkey D. Luffy
85%
Dragon Ball Son Gokû
80%
One Punch Man Saitama
76%
Death Note Light Yagami
65%
Demon Slayer Tanjiro Kamado
65%
Fullmetal Alchemist Edward Elric
59%
My Hero Academia Izuku Midoriya
59%
Seven Deadly Sins Meliodas
57%
L'attaque des Titans Eren Jäger
52%
Jujustu Kaisen Yuji Itadori
52%
Tokyo Ghoul Ken Kaneki
50%
Fairy Tail Natsu Dragnir
50%
Bleach Ichigo Kurosaki
48%
Spy x Family Loid Forger
35%
Les Carnets de l'Apothicaire Mao Mao
28%
Great Teacher Onizuka Eikichi Onizuka
22%
Hunter x Hunter Gon Freecss
22%
Détective Conan Shinichi Kudo
7%
Sailor Moon Usagi Tsukino
2%
Aucun quiz correspondant
Distribution des résultats
% des personnes avec chaque résultat
Percentile par nombre de réponses
Votre historique - résultats
Vous n’avez pas pris ce quiz